=LDR 00000nam 2200000 4500 =001 INLIS000000000036556 =005 20130612142333 =008 ***********************************Ind** =035 ##$$0010-061300000036556 =041 ##$$a Ind =082 ##$$a 018.5 =090 ##$$a 018.5, Ogi k =100 ##$$a Ogino, Hitoshi =245 ##$$a Komik kemon matematika seri 2 bangun geometri, Hitoshi Ogimo ; alih bahasa, Yenin Hendrawati =260 ##$$a 2011 $b Jakarta =300 ##$$a 255 hlm, ilus, 21 cm =650 ##$$a Bacaan kanak-kanak =700 ##$$a hendrawan, Yeni =850 ##$$a NBPNMAT =990 ##$$a 0001/BPAP-NTB/20142015 =990 ##$$a 0001/BPAP-NTB/20142015 =990 ##$$a 00040004